Slovník v CMS Moodle alebo Wikipedia?
Salvato in:
| Autore principale: | |
|---|---|
| Altri autori: | |
| Natura: | Capitolo di libro |
| Lingua: | slovacco |
| Soggetti: | |
| Tags: |
Nessun Tag, puoi essere il primo ad aggiungerne!!
|
MARC
| LEADER | 00000naa$a2200000$$$4500 | ||
|---|---|---|---|
| 001 | 0055316 | ||
| 005 | 20240502071631.3 | ||
| 041 | 0 | |a slo | |
| 044 | |a SK | ||
| 245 | 1 | 0 | |a Slovník v CMS Moodle alebo Wikipedia? |c Ivan Šóš, Martin Novák |
| 610 | 2 | 0 | |a vzdelávanie elektronické |
| 610 | 2 | 0 | |a vzdelávanie vysokoškolské |
| 610 | 2 | 0 | |a informatika |
| 610 | 2 | 0 | |a kurzy |
| 610 | 2 | 0 | |a univerzity |
| 100 | 1 | |a Šóš, Ivan, 1977- | |
| 700 | 1 | |a Novák, Martin, 1980- | |